[Event "European Individual Chess Championship "]
[Site "Reykjavik, Iceland"]
[Date "2021.08.28"]
[Round "3.45"]
[White "Vrolijk, Liam"]
[Black "Papidakis, Georgios"]
[Result "1/2-1/2"]
[WhiteElo "2480"]
[BlackElo "2228"]
[PlyCount "285"]
[EventDate "2021.08.26"]

1. d4 Nf6 2. c4 e6 3. Nf3 Bb4+ 4. Nbd2 d6 5. a3 Bxd2+ 6. Qxd2 Nbd7 7. e3 O-O 8.
Be2 e5 9. Qc2 Qe7 10. b3 Re8 11. Bb2 c6 12. Nd2 Nf8 13. dxe5 dxe5 14. O-O Ng6
15. c5 Be6 16. b4 Rad8 17. Rad1 Bd5 18. f3 Nh5 19. Ne4 Bxe4 20. Qxe4 Nf6 21.
Qc2 Nd5 22. Bc1 e4 23. f4 Nh4 24. Bg4 Qf6 25. Qf2 Nf5 26. Bb2 Qg6 27. Bxf5 Qxf5
28. Bd4 Rd7 29. h3 h5 30. Qh4 Red8 31. Rde1 Nc7 32. g4 hxg4 33. hxg4 Qh7 34.
Qxh7+ Kxh7 35. f5 Nb5 36. Bb2 Rd2 37. Rf2 Rxf2 38. Kxf2 Rd2+ 39. Re2 Rxe2+ 40.
Kxe2 f6 41. Kf2 Nc7 42. Kg3 Nd5 43. Bc1 Kh6 44. Bd2 Kg5 45. Be1 g6 46. fxg6
Kxg6 47. Bd2 Kg5 48. Be1 a6 49. Bd2 Ne7 50. Be1 Ng6 51. Bc3 f5 52. gxf5 Kxf5
53. Bd4 Ne7 54. Bb2 Nd5 55. Bd4 Nc7 56. Ba1 Ne6 57. Bc3 a5 58. Bb2 a4 59. Kf2
Nc7 60. Ke2 Ke6 61. Kd2 Kd5 62. Kc2 Kc4 63. Be5 Nd5 64. Bd4 Ne7 65. Bf6 Ng6 66.
Bg5 Ne5 67. Bf6 Nf3 68. Bc3 Kd5 69. Bg7 Ng5 70. Bf8 Ne6 71. Be7 Nc7 72. Bf6 Ke6
73. Bb2 Kd5 74. Bf6 Ke6 75. Bb2 Kf5 76. Kd2 Nd5 77. Ke2 b6 78. cxb6 Nxb6 79.
Kd2 Ke6 80. Kc3 Kd5 81. Bc1 Nc4 82. Kc2 Nd6 83. Kc3 Nf5 84. Bd2 Nd6 85. Bc1
Nb5+ 86. Kc2 Kc4 87. Bb2 Nc7 88. Be5 Nd5 89. Bd4 Ne7 90. Bc3 Nf5 91. Bd2 Nd6
92. Bc3 Kd5 93. Bb2 Nb5 94. Kd2 Ke6 95. Ke2 Nd6 96. Kd2 Nc4+ 97. Kc3 Kd5 98.
Bc1 Nd6 99. Kc2 Nb5 100. Kd2 Ke6 101. Ke2 Kf5 102. Kf2 Kg4 103. Kg2 Nd6 104.
Bb2 Nc4 105. Bc1 Kh4 106. Kh2 Ne5 107. Kg2 Nf3 108. Bb2 Ne1+ 109. Kf1 Nd3 110.
Bd4 Kg4 111. Ke2 Kf5 112. Kd2 Ke6 113. Kc2 Kd5 114. Bf6 Kc4 115. Bc3 Nf2 116.
Bb2 Ng4 117. Bd4 Nh6 118. Be5 Nf5 119. Bf4 Ne7 120. Be5 Nd5 121. Bd4 Nc7 122.
Be5 Nb5 123. Bb2 c5 124. bxc5 Kxc5 125. Kd2 Kd5 126. Kd1 Nd6 127. Kc2 Nf5 128.
Bc1 Ng3 129. Kc3 Kc5 130. Bd2 Ne2+ 131. Kc2 Kc4 132. Be1 Ng1 133. Bf2 Nh3 134.
Bh4 Ng1 135. Bf2 Nf3 136. Bg3 Ng5 137. Bh4 Ne6 138. Bg3 Nd8 139. Bh4 Nc6 140.
Bg3 Na7 141. Be1 Nb5 142. Bb4 Nc7 143. Bc3 1/2-1/2

[Event "European Individual Chess Championship "]
[Site "Reykjavik, Iceland"]
[Date "2021.08.28"]
[Round "3.46"]
[White "Quparadze, Giga"]
[Black "Thorhallsson, Simon"]
[Result "1-0"]
[WhiteElo "2476"]
[BlackElo "2199"]
[PlyCount "63"]
[EventDate "2021.08.26"]

1. e4 c5 2. Nf3 d6 3. d4 cxd4 4. Nxd4 Nf6 5. Nc3 a6 6. h3 e5 7. Nde2 h5 8. g3
b5 9. Bg2 Be7 10. a4 b4 11. Nd5 a5 12. c3 bxc3 13. Nexc3 Be6 14. O-O Nxd5 15.
Nxd5 Bxd5 16. Qxd5 Nd7 17. Bd2 O-O 18. b4 axb4 19. Bxb4 Nf6 20. Qd3 Qb6 21. Bd2
Rfd8 22. a5 Qc6 23. Rfc1 Qd7 24. a6 Rdc8 25. Rxc8+ Qxc8 26. Be3 Nd7 27. a7 Nc5
28. Qd5 h4 29. g4 g6 30. Bf1 Kg7 31. Bxc5 dxc5 32. Bc4 1-0

[Event "European Individual Chess Championship "]
[Site "Reykjavik, Iceland"]
[Date "2021.08.28"]
[Round "3.47"]
[White "Gueci, Tea"]
[Black "Kjartansson, Gudmundur"]
[Result "1/2-1/2"]
[WhiteElo "2188"]
[BlackElo "2470"]
[PlyCount "101"]
[EventDate "2021.08.26"]

1. e4 c5 2. Nf3 d6 3. d4 cxd4 4. Nxd4 Nf6 5. Nc3 Nc6 6. Bg5 e6 7. Qd3 a6 8.
O-O-O Be7 9. f4 Bd7 10. Nxc6 Bxc6 11. Be2 Qc7 12. Bf3 O-O-O 13. Qe3 h6 14. Bh4
Ng4 15. Bxg4 Bxh4 16. Nd5 Qa5 17. g3 Bf6 18. Nxf6 gxf6 19. Kb1 h5 20. Bf3 h4
21. Qf2 Qc5 22. Qe1 Kb8 23. Rd3 f5 24. Rc3 Qa5 25. Rg1 hxg3 26. hxg3 Rh2 27.
exf5 Bxf3 28. Rc8+ Rxc8 29. Qxa5 Rcxc2 30. Qb4 Rxb2+ 31. Qxb2 Be4+ 32. Ka1 Rxb2
33. Kxb2 Bxf5 34. Kc3 Kc7 35. g4 Be4 36. Kd4 Bd5 37. a3 b5 38. g5 Kc6 39. Rc1+
Bc4 40. Rh1 a5 41. Rh7 e5+ 42. fxe5 dxe5+ 43. Kxe5 b4 44. axb4 axb4 45. Kd4 Be6
46. Rh6 b3 47. Kc3 Kd6 48. g6 fxg6 49. Rxg6 Ke5 50. Rxe6+ Kxe6 51. Kxb3 1/2-1/2

[Event "European Individual Chess Championship "]
[Site "Reykjavik, Iceland"]
[Date "2021.08.28"]
[Round "3.48"]
[White "Loiseau, Quentin"]
[Black "Gombocz, Ferenc Jr."]
[Result "1-0"]
[WhiteElo "2466"]
[BlackElo "2191"]
[PlyCount "113"]
[EventDate "2021.08.26"]

1. e4 e5 2. Nf3 Nc6 3. Bb5 g6 4. c3 a6 5. Bxc6 dxc6 6. d4 exd4 7. cxd4 Bg7 8.
h3 Ne7 9. Nc3 O-O 10. O-O h6 11. Bf4 f5 12. Be5 fxe4 13. Nxe4 Nd5 14. Re1 g5
15. Ng3 g4 16. Bxg7 Kxg7 17. Nh5+ Kh7 18. Re5 Rg8 19. Rxd5 cxd5 20. Qd3+ Kh8
21. Qe3 Kh7 22. Qd3+ Kh8 23. Ne5 Qf8 24. hxg4 Bxg4 25. Ng6+ Rxg6 26. Qxg6 Bxh5
27. Qxh5 Re8 28. Qxd5 c6 29. Qh5 Re6 30. Rd1 Qe8 31. Qf5 Re1+ 32. Rxe1 Qxe1+
33. Kh2 Qb4 34. Qf6+ Kh7 35. b3 Qb5 36. Qf7+ Kh8 37. Qe8+ Kh7 38. Qe4+ Kg8 39.
Qg6+ Kf8 40. Qxh6+ Kf7 41. Qf4+ Kg6 42. Qd6+ Kg7 43. g4 a5 44. Qd7+ Kg6 45.
Qe6+ Kh7 46. Qf5+ Qxf5 47. gxf5 Kh6 48. f4 Kg7 49. Kg3 Kf6 50. Kg4 b6 51. a3 b5
52. b4 a4 53. Kf3 Kxf5 54. Ke3 Kf6 55. Ke4 Ke6 56. f5+ Kf6 57. Kf4 1-0

[Event "European Individual Chess Championship "]
[Site "Reykjavik, Iceland"]
[Date "2021.08.28"]
[Round "3.49"]
[White "Player, Edmund C"]
[Black "Petenyi, Tamas"]
[Result "0-1"]
[WhiteElo "2172"]
[BlackElo "2463"]
[PlyCount "134"]
[EventDate "2021.08.26"]

1. e4 g6 2. d4 Bg7 3. Nf3 c6 4. Nc3 b5 5. e5 d6 6. Bf4 dxe5 7. Nxe5 b4 8. Na4
Nf6 9. Be2 Nfd7 10. Nxd7 Nxd7 11. Bf3 Bb7 12. a3 bxa3 13. Rxa3 O-O 14. O-O Qc8
15. Re1 Re8 16. Qd2 Nb6 17. Nxb6 axb6 18. Rxa8 Qxa8 19. h4 e6 20. Bc7 c5 21. d5
exd5 22. Rxe8+ Qxe8 23. Bxb6 Qb5 24. Qa5 Qxa5 25. Bxa5 Bxb2 26. c4 Kf8 27. Kf1
Ke7 28. Bd2 Kd6 29. Bh6 Bd4 30. Bf8+ Ke6 31. g4 f6 32. Ke2 Bc6 33. Bg2 Kf7 34.
Bd6 Ke6 35. Bf8 Ba8 36. Bh6 Be5 37. Be3 Bd6 38. Bc1 Bc6 39. Bh1 Be7 40. Bg2 Bd6
41. Ba3 Be7 42. Bc1 Bf8 43. Bf3 h6 44. Bg2 g5 45. hxg5 hxg5 46. f4 Be7 47. fxg5
fxg5 48. Bd2 Ke5 49. Bxd5 Bd7 50. Kf3 Kd4 51. Be3+ Kd3 52. Bf7 Ba4 53. Kf2 Bb3
54. Be6 Bxc4 55. Bf5+ Kc3 56. Be4 Bd3 57. Bc6 c4 58. Kf3 Kb4 59. Bc1 c3 60. Ke3
Bg6 61. Bd5 Bd6 62. Ke2 Bf4 63. Bxf4 gxf4 64. Kd1 Kc5 65. Bb7 Kd4 66. Ke2 Bd3+
67. Kd1 Ke3 0-1

[Event "European Individual Chess Championship "]
[Site "Reykjavik, Iceland"]
[Date "2021.08.28"]
[Round "3.50"]
[White "Saraci, Korab"]
[Black "Horvath, Dominik"]
[Result "0-1"]
[WhiteElo "2154"]
[BlackElo "2455"]
[PlyCount "58"]
[EventDate "2021.08.26"]

1. d4 Nf6 2. c4 e6 3. Nc3 Bb4 4. Nf3 d5 5. cxd5 exd5 6. Bg5 h6 7. Bxf6 Qxf6 8.
Qb3 Qd6 9. a3 Bxc3+ 10. bxc3 O-O 11. e3 c5 12. c4 cxd4 13. Nxd4 Nc6 14. Nxc6
bxc6 15. cxd5 Rb8 16. Qd3 Qf6 17. Rd1 Rd8 18. d6 Qg5 19. f4 Qa5+ 20. Kf2 Rb2+
21. Kg3 Bf5 22. e4 Qb6 23. Qd4 Rb3+ 24. Kh4 c5 25. Qe5 Bd7 26. Qe7 c4 27. f5
Re8 28. Bxc4 Rxe7 29. dxe7 Qf6+ 0-1

[Event "European Individual Chess Championship "]
[Site "Reykjavik, Iceland"]
[Date "2021.08.28"]
[Round "3.51"]
[White "Kacharava, Nikolozi"]
[Black "Kanyamarala, Trisha"]
[Result "1-0"]
[WhiteElo "2453"]
[BlackElo "2180"]
[PlyCount "79"]
[EventDate "2021.08.26"]

1. e4 c5 2. Nf3 d6 3. d4 cxd4 4. Nxd4 Nf6 5. Nc3 Nc6 6. Bg5 e6 7. Qd3 a6 8.
Nxc6 bxc6 9. O-O-O Be7 10. Qg3 e5 11. Be2 Qc7 12. Rd3 Be6 13. Rhd1 Rd8 14. f4
Bc4 15. fxe5 Bxd3 16. exf6 gxf6 17. Bh6 Bxe2 18. Nxe2 Bf8 19. Bf4 h5 20. Nd4 h4
21. Qg4 Qc8 22. Nf5 Qe6 23. Kb1 d5 24. Re1 d4 25. Qf3 Rg8 26. Re2 Bb4 27. a3
Be7 28. g4 hxg3 29. Bxg3 d3 30. cxd3 Qb3 31. Rd2 Bxa3 32. e5 Rd5 33. exf6 Bb4
34. Qe3+ Kd7 35. Qa7+ Ke6 36. Nd4+ Rxd4 37. Qxd4 Bxd2 38. Qe5+ Kd7 39. Qe7+ Kc8
40. Qc7# 1-0

[Event "European Individual Chess Championship "]
[Site "Reykjavik, Iceland"]
[Date "2021.08.28"]
[Round "3.52"]
[White "Gretarsson, Helgi Ass"]
[Black "Birkisson, Bardur Orn"]
[Result "1-0"]
[WhiteElo "2447"]
[BlackElo "2163"]
[PlyCount "61"]
[EventDate "2021.08.26"]

1. e4 e5 2. Nf3 Nc6 3. Bc4 Nf6 4. Ng5 d5 5. exd5 Na5 6. Bb5+ c6 7. dxc6 bxc6 8.
Bd3 h6 9. Ne4 Nxe4 10. Bxe4 Bc5 11. O-O O-O 12. c3 f5 13. Bc2 Nb7 14. d3 f4 15.
Nd2 Nd6 16. Kh1 Qh4 17. Nf3 Qh5 18. d4 e4 19. Ne5 f3 20. g4 Bxg4 21. Nxg4 Qxg4
22. Rg1 Qh4 23. dxc5 Nf5 24. Qd7 Rad8 25. Qxc6 Qxf2 26. Qxe4 Rde8 27. Qc4+ Kh8
28. Bxf5 Rxf5 29. Qd4 Qxg1+ 30. Kxg1 f2+ 31. Qxf2 1-0

[Event "European Individual Chess Championship "]
[Site "Reykjavik, Iceland"]
[Date "2021.08.28"]
[Round "3.53"]
[White "Vogel, Roven"]
[Black "Bergsson, Stefan"]
[Result "1-0"]
[WhiteElo "2441"]
[BlackElo "2158"]
[PlyCount "59"]
[EventDate "2021.08.26"]

1. Nf3 Nf6 2. c4 g6 3. b3 Bg7 4. Bb2 c5 5. g3 b6 6. Bg2 Bb7 7. O-O O-O 8. d4
cxd4 9. Qxd4 Nc6 10. Qh4 h6 11. Bxf6 exf6 12. Nc3 Re8 13. Rac1 f5 14. Rfe1 g5
15. Qh5 Bxc3 16. Rxc3 Qf6 17. Rd3 Rad8 18. Red1 d5 19. Rxd5 Rxd5 20. cxd5 Nb4
21. h4 Bxd5 22. hxg5 Bxf3 23. Qxf3 hxg5 24. a3 Nc2 25. Qd3 Rc8 26. Rc1 Qc3 27.
Qxf5 Rc5 28. Bd5 Kg7 29. Qxf7+ Kh6 30. Be4 1-0

[Event "European Individual Chess Championship "]
[Site "Reykjavik, Iceland"]
[Date "2021.08.28"]
[Round "3.54"]
[White "Ptacnikova, Lenka"]
[Black "Thorfinnsson, Bragi"]
[Result "1/2-1/2"]
[WhiteElo "2109"]
[BlackElo "2439"]
[PlyCount "76"]
[EventDate "2021.08.26"]

1. e4 e5 2. Nf3 Nc6 3. Bb5 Nge7 4. Nc3 d6 5. d4 Bd7 6. Bg5 exd4 7. Nxd4 h6 8.
Be3 a6 9. Be2 g6 10. Qd2 Bg7 11. Nxc6 bxc6 12. O-O Be6 13. Rad1 Qb8 14. Na4 a5
15. Bd4 f6 16. b3 O-O 17. c4 c5 18. Bc3 Nc6 19. f4 Qe8 20. f5 Bf7 21. Bf3 Ne5
22. Be2 gxf5 23. exf5 Nxc4 24. Bxc4 Bxc4 25. Rfe1 Qc6 26. bxc4 Qxa4 27. Qd5+
Kh8 28. Re7 Rae8 29. Rxc7 Qxa2 30. Qxd6 Qe2 31. Re1 Qxc4 32. Rxe8 Rxe8 33. Qd7
Rg8 34. Bxf6 Qc1+ 35. Kf2 Qf4+ 36. Ke1 Qc1+ 37. Kf2 Qf4+ 38. Ke1 Qc1+ 1/2-1/2

[Event "European Individual Chess Championship "]
[Site "Reykjavik, Iceland"]
[Date "2021.08.28"]
[Round "3.55"]
[White "Juksta, Karolis"]
[Black "Stremavicius, Pijus"]
[Result "1-0"]
[WhiteElo "2438"]
[BlackElo "2146"]
[PlyCount "33"]
[EventDate "2021.08.26"]

1. d4 d5 2. c4 e6 3. Nc3 Be7 4. cxd5 exd5 5. Bf4 c6 6. e3 Bf5 7. Nge2 Nd7 8.
Ng3 Bg6 9. Be2 Ngf6 10. O-O O-O 11. h4 h6 12. h5 Bh7 13. Bd3 Re8 14. Nf5 Nb6
15. Be5 Bf8 16. Qf3 Nfd7 17. Nxh6+ 1-0

[Event "European Individual Chess Championship "]
[Site "Reykjavik, Iceland"]
[Date "2021.08.28"]
[Round "3.56"]
[White "Koellner, Ruben Gideon"]
[Black "Mai, Alexander Oliver"]
[Result "1-0"]
[WhiteElo "2418"]
[BlackElo "2090"]
[PlyCount "91"]
[EventDate "2021.08.26"]

1. d4 d5 2. Nf3 e6 3. e3 Nf6 4. Nbd2 c5 5. b3 Nc6 6. Bb2 b6 7. Bd3 Bb7 8. Ne5
Bd6 9. f4 O-O 10. a3 Ne7 11. Qf3 Qc7 12. Qh3 Ne4 13. Rd1 a5 14. a4 cxd4 15.
exd4 Bb4 16. O-O Nf5 17. Nb1 Ba6 18. g4 Ne7 19. c3 Bd6 20. Bxa6 Rxa6 21. Qe3
Raa8 22. Na3 Bxa3 23. Bxa3 Rfe8 24. Rc1 Qb7 25. Rf3 Nc6 26. Nd3 b5 27. Nc5 Nxc5
28. Bxc5 bxa4 29. bxa4 Qb2 30. Re1 Nb8 31. f5 Nd7 32. g5 Qc2 33. Rf2 Qxa4 34.
g6 hxg6 35. fxg6 fxg6 36. Qg5 Nxc5 37. Qxg6 Qd7 38. dxc5 Rac8 39. Re5 Rf8 40.
Rxf8+ Kxf8 41. Rh5 Rxc5 42. Rh8+ Ke7 43. Qg5+ Kf7 44. Qf4+ Kg6 45. Qg3+ Kf7 46.
Qf2+ 1-0

[Event "European Individual Chess Championship "]
[Site "Reykjavik, Iceland"]
[Date "2021.08.28"]
[Round "3.57"]
[White "Sokolovsky, Yahli"]
[Black "Jonsson, Gauti Pall"]
[Result "1-0"]
[WhiteElo "2415"]
[BlackElo "2070"]
[PlyCount "77"]
[EventDate "2021.08.26"]

1. e4 e5 2. Nf3 Nc6 3. Bb5 a6 4. Ba4 Nf6 5. O-O Be7 6. Re1 b5 7. Bb3 d6 8. c3
O-O 9. h3 Nb8 10. d4 Nbd7 11. Nbd2 Bb7 12. Bc2 Re8 13. Nf1 Bf8 14. Ng3 g6 15.
a4 c5 16. d5 c4 17. Bg5 h6 18. Be3 Nc5 19. Qd2 Kh7 20. Nh2 Nfd7 21. Rf1 Bg7 22.
f4 exf4 23. Bxf4 Qe7 24. Rf2 Ne5 25. Ng4 Nxg4 26. hxg4 bxa4 27. Raf1 Rf8 28.
Nh5 Nxe4 29. Re1 f5 30. gxf5 gxf5 31. Ng3 Kh8 32. Nxf5 Rxf5 33. Bxe4 Rf6 34.
Bb1 Qf7 35. Qc2 Qg8 36. Re7 Bxd5 37. Be3 Rxf2 38. Bxf2 Rf8 39. Rxg7 1-0

[Event "European Individual Chess Championship "]
[Site "Reykjavik, Iceland"]
[Date "2021.08.28"]
[Round "3.58"]
[White "Hardarson, Petur Palmi"]
[Black "Subelj, Jan"]
[Result "0-1"]
[WhiteElo "2084"]
[BlackElo "2412"]
[PlyCount "80"]
[EventDate "2021.08.26"]

1. d4 Nf6 2. c4 e6 3. Nf3 a6 4. Nc3 d5 5. cxd5 exd5 6. Bg5 Be6 7. e3 Nbd7 8.
Bd3 Be7 9. O-O O-O 10. h3 h6 11. Bf4 Nb6 12. Ne5 Nfd7 13. Qe2 Nxe5 14. Bxe5 Bd6
15. f4 f6 16. Bxd6 Qxd6 17. b3 Rae8 18. Rae1 Bf7 19. Bb1 g6 20. h4 Nd7 21. g4
Re7 22. Rf3 c5 23. Qd3 Rfe8 24. h5 Nf8 25. hxg6 Nxg6 26. Rh3 Kg7 27. Ne2 c4 28.
Qd2 Nf8 29. Ng3 Be6 30. Qh2 Qb4 31. Rf1 Qc3 32. Rxh6 Qxe3+ 33. Kh1 Bxg4 34.
Rh7+ Nxh7 35. Qxh7+ Kf8 36. Qh6+ Kg8 37. Kg2 Rg7 38. Bg6 Be2 39. Rf2 Bd3 40. f5
Qxh6 0-1

[Event "European Individual Chess Championship "]
[Site "Reykjavik, Iceland"]
[Date "2021.08.28"]
[Round "3.59"]
[White "Karlsson, Mikael Johann"]
[Black "Baltag, Iulian"]
[Result "1/2-1/2"]
[WhiteElo "2067"]
[BlackElo "2410"]
[PlyCount "91"]
[EventDate "2021.08.26"]

1. g3 e5 2. c4 Nc6 3. Bg2 Bc5 4. Nc3 d6 5. e3 a6 6. Nge2 Nge7 7. d4 Ba7 8. d5
Nb8 9. e4 O-O 10. O-O f5 11. Be3 Bxe3 12. fxe3 Nd7 13. Qc2 Nf6 14. h3 fxe4 15.
g4 Ng6 16. Ng3 Nh4 17. Bxe4 Nxe4 18. Ncxe4 Bd7 19. Rf2 Rxf2 20. Qxf2 Qe7 21.
Rf1 b5 22. Nh5 Ng6 23. c5 dxc5 24. Nxc5 Rf8 25. Qc2 Rxf1+ 26. Kxf1 Qf7+ 27. Ke2
Qxd5 28. Qb3 Qxb3 29. axb3 Bc6 30. Nxa6 Bg2 31. Nxc7 Bxh3 32. Kf3 e4+ 33. Kg3
Bf1 34. Ne6 Bd3 35. Nexg7 Bc2 36. Nf5 Bxb3 37. Nf6+ Kh8 38. Nxe4 Bc2 39. Nc5
Bd1 40. Nd4 b4 41. Nd3 b3 42. Nc5 Ne5 43. Kf4 Nc4 44. Ndxb3 Nxb2 45. Nd2 Bxg4
46. Kxg4 1/2-1/2

[Event "European Individual Chess Championship "]
[Site "Reykjavik, Iceland"]
[Date "2021.08.28"]
[Round "3.60"]
[White "Kueng, Nicolas"]
[Black "Unuk, Laura"]
[Result "0-1"]
[WhiteElo "2005"]
[BlackElo "2407"]
[PlyCount "84"]
[EventDate "2021.08.26"]

1. d4 Nf6 2. c4 e6 3. Nc3 Bb4 4. Qc2 O-O 5. Nf3 d5 6. cxd5 exd5 7. Bg5 c6 8. e3
h6 9. Bh4 Re8 10. Bd3 Nbd7 11. O-O a5 12. a3 Be7 13. Bg3 Nf8 14. h3 Be6 15. Ne5
N6d7 16. f4 f6 17. Ng6 Bd6 18. Qf2 Nxg6 19. Bxg6 Bf7 20. Bxf7+ Kxf7 21. f5 Nb6
22. Rae1 Nc4 23. Kh1 Qc7 24. Bxd6 Nxd6 25. Qf4 Rac8 26. Qg4 Kf8 27. Ne2 Kg8 28.
Nf4 Re4 29. Qh5 Qf7 30. Ng6 Rce8 31. Qd1 Rxe3 32. Rxe3 Rxe3 33. Qc1 Re8 34. Qc2
Re4 35. g4 Nc4 36. Rf3 Qc7 37. b3 Re1+ 38. Kg2 Ne3+ 39. Rxe3 Rxe3 40. Qf2 Re4
41. b4 axb4 42. axb4 Qb6 0-1

[Event "European Individual Chess Championship "]
[Site "Reykjavik, Iceland"]
[Date "2021.08.28"]
[Round "3.61"]
[White "Sousa, Andre Ventura"]
[Black "Birkisson, Bjorn Holm"]
[Result "1-0"]
[WhiteElo "2405"]
[BlackElo "2064"]
[PlyCount "70"]
[EventDate "2021.08.26"]

1. e4 c5 2. Nf3 d6 3. d4 cxd4 4. Nxd4 Nf6 5. Nc3 a6 6. f3 e5 7. Nb3 Be6 8. Be3
Be7 9. Qd2 O-O 10. O-O-O Nbd7 11. g4 b5 12. g5 b4 13. gxf6 bxc3 14. Qxc3 Nxf6
15. Na5 Rc8 16. Nc6 Qe8 17. Nxe7+ Qxe7 18. Qa5 Rc6 19. Rg1 Nh5 20. Kb1 Nf4 21.
Bxf4 exf4 22. Qg5 Qxg5 23. Rxg5 Rb8 24. b3 h6 25. Ra5 Rbb6 26. Rd4 g5 27. Kc1
Kg7 28. Kd2 Kg6 29. a4 h5 30. Bd3 Kh6 31. Ke2 f6 32. b4 Bc8 33. Rad5 g4 34. Kf2
Be6 35. a5 Rc7 1-0

[Event "European Individual Chess Championship "]
[Site "Reykjavik, Iceland"]
[Date "2021.08.28"]
[Round "3.62"]
[White "D`costa, Lorin"]
[Black "Johannsson, Birkir Isak"]
[Result "1-0"]
[WhiteElo "2381"]
[BlackElo "2052"]
[PlyCount "69"]
[EventDate "2021.08.26"]

1. d4 d5 2. c4 e6 3. Nf3 Nf6 4. Nc3 c6 5. e3 Nbd7 6. Bd3 dxc4 7. Bxc4 b5 8. Bd3
a6 9. e4 c5 10. d5 Qc7 11. O-O Bb7 12. Bc2 Bd6 13. dxe6 fxe6 14. Ng5 Nf8 15. f4
O-O-O 16. Qe2 h6 17. Nf3 Bxf4 18. e5 Bxf3 19. Qxf3 Bxe5 20. Qa8+ Kd7 21. Qxa6
Ke7 22. h3 N8d7 23. Nxb5 Qb8 24. Be3 Nd5 25. Na7 Nb4 26. Nc6+ Nxc6 27. Qxc6 Qd6
28. Qe4 Bd4 29. Rad1 Nf6 30. Qg6 Rhg8 31. Kh1 Qb6 32. Bxd4 cxd4 33. Bb3 d3 34.
Rfe1 Rd6 35. Rxd3 1-0

[Event "European Individual Chess Championship "]
[Site "Reykjavik, Iceland"]
[Date "2021.08.28"]
[Round "3.63"]
[White "Jonsson, Olafur Gisli"]
[Black "Stefansson, Vignir Vatnar"]
[Result "0-1"]
[WhiteElo "1800"]
[BlackElo "2371"]
[PlyCount "68"]
[EventDate "2021.08.26"]

1. d4 Nf6 2. Nf3 e6 3. c4 d5 4. Nc3 dxc4 5. e3 a6 6. Bxc4 b5 7. Bd3 Bb7 8. O-O
Nbd7 9. Qe2 c5 10. Rd1 Qc7 11. Bd2 Bd6 12. h3 O-O 13. Rac1 c4 14. Bb1 e5 15. e4
exd4 16. Nxd4 Rfe8 17. f3 Nh5 18. g4 Nf4 19. Bxf4 Bxf4 20. Rc2 Nc5 21. Qf1 Rad8
22. Re2 Nd3 23. Bxd3 Rxd4 24. Bc2 Rxd1 25. Qxd1 Qe7 26. Qf1 b4 27. Nd1 Qe5 28.
Kh1 Bc6 29. Bb1 Bb5 30. Rg2 c3 31. Bd3 Rd8 32. Bxb5 Qxb5 33. Rf2 Qxf1+ 34. Rxf1
c2 0-1

[Event "European Individual Chess Championship "]
[Site "Reykjavik, Iceland"]
[Date "2021.08.28"]
[Round "3.65"]
[White "Maltsevskaya, Aleksandra"]
[Black "Mai, Aron Thor"]
[Result "1-0"]
[WhiteElo "2409"]
[BlackElo "2110"]
[PlyCount "71"]
[EventDate "2021.08.26"]

1. e4 c6 2. d4 d5 3. e5 Bf5 4. h4 h5 5. c4 e6 6. Nc3 dxc4 7. Bxc4 Nd7 8. Nge2
Be7 9. Ng3 Bg6 10. Nce4 Qb6 11. O-O O-O-O 12. Bf4 Bxe4 13. Nxe4 Nh6 14. Bg5
Nxe5 15. Bxe7 Rxd4 16. Qb1 Qc7 17. Bd6 Rxd6 18. Nxd6+ Qxd6 19. Be2 Nhg4 20. g3
g5 21. hxg5 f5 22. gxf6 Nxf6 23. Qd1 Qb4 24. Qb3 Qe4 25. Qxe6+ Nfd7 26. Rae1 h4
27. Bg4 Nf3+ 28. Bxf3 Qxf3 29. Re3 Qh5 30. g4 Qh7 31. Rd1 Rd8 32. Red3 h3 33.
Kh2 Qh4 34. R1d2 Qh7 35. Rxd7 Rxd7 36. g5 1-0

[Event "European Individual Chess Championship "]
[Site "Reykjavik, Iceland"]
[Date "2021.08.28"]
[Round "3.66"]
[White "Fruebing, Stefan"]
[Black "Agustsson, Hafsteinn"]
[Result "1-0"]
[WhiteElo "2406"]
[BlackElo "1803"]
[PlyCount "45"]
[EventDate "2021.08.26"]

1. e4 c5 2. Nf3 Nc6 3. Bb5 g6 4. Bxc6 dxc6 5. d3 Bg7 6. h3 Nf6 7. Nc3 O-O 8.
O-O Nd7 9. Be3 e5 10. Qd2 b6 11. Bh6 Qe7 12. Nh2 f5 13. exf5 gxf5 14. Bxg7 Qxg7
15. f4 e4 16. dxe4 Qd4+ 17. Rf2 Qxd2 18. Rxd2 fxe4 19. Nxe4 Rxf4 20. Re1 Nf6
21. Rd8+ Kf7 22. Nxf6 Rxf6 23. Ree8 1-0

[Event "European Individual Chess Championship "]
[Site "Reykjavik, Iceland"]
[Date "2021.08.28"]
[Round "3.67"]
[White "Pappelis, Dimitrios"]
[Black "Kaasen, Tor Fredrik"]
[Result "0-1"]
[WhiteElo "2160"]
[BlackElo "2406"]
[PlyCount "57"]
[EventDate "2021.08.26"]

1. d4 Nf6 2. Nf3 d5 3. e3 e6 4. Bd3 c5 5. b3 Nc6 6. Bb2 Be7 7. O-O O-O 8. Nbd2
Qc7 9. a3 b6 10. Ne5 a6 11. f4 b5 12. dxc5 Nxe5 13. Bxe5 Qxc5 14. Qf3 g6 15. b4
Qb6 16. Rae1 Bb7 17. Bd4 Qc7 18. Qh3 Ne4 19. Nf3 f5 20. Ne5 Bf6 21. Rf3 Ng5 22.
Qg3 Nxf3+ 23. gxf3 Qg7 24. Re2 Rac8 25. h4 Rc7 26. Rh2 Qh6 27. h5 Rg7 28. Kf1
gxh5 29. Qh3 {unreadable} 0-1

[Event "European Individual Chess Championship "]
[Site "Reykjavik, Iceland"]
[Date "2021.08.28"]
[Round "3.68"]
[White "Halldorsson, Jon Arni"]
[Black "Krastev, Alexander"]
[Result "0-1"]
[WhiteElo "2115"]
[BlackElo "2389"]
[PlyCount "48"]
[EventDate "2021.08.26"]

1. d4 Nf6 2. Nf3 e6 3. g3 c5 4. Bg2 cxd4 5. Nxd4 d5 6. O-O e5 7. Nf3 Nc6 8. c4
d4 9. e3 Be7 10. exd4 exd4 11. Re1 O-O 12. Ne5 Nxe5 13. Rxe5 Bd6 14. Re1 Qb6
15. Qd3 Bd7 16. Nd2 Rae8 17. Nf3 Rxe1+ 18. Nxe1 Re8 19. Nf3 Bc6 20. b3 Be4 21.
Qd1 Bc5 22. Nh4 d3 23. Bxe4 Nxe4 24. Qxd3 Qf6 0-1

[Event "European Individual Chess Championship "]
[Site "Reykjavik, Iceland"]
[Date "2021.08.28"]
[Round "3.69"]
[White "Domalchuk-Jonasson, Aleksandr"]
[Black "Samadov, Read"]
[Result "1/2-1/2"]
[WhiteElo "2052"]
[BlackElo "2360"]
[PlyCount "93"]
[EventDate "2021.08.26"]

1. d4 Nf6 2. c4 e6 3. Nc3 Bb4 4. e3 O-O 5. Bd3 d5 6. Nf3 c5 7. O-O Nc6 8. a3
Bxc3 9. bxc3 dxc4 10. Bxc4 Qc7 11. Bb5 Rd8 12. Qe2 Bd7 13. e4 h6 14. g3 Be8 15.
Rd1 a6 16. Bf4 Qa5 17. Bd3 cxd4 18. cxd4 Nxd4 19. Nxd4 Rxd4 20. e5 Rxf4 21.
gxf4 Nd5 22. Qf3 Nc3 23. Rdc1 Bc6 24. Bh7+ Kxh7 25. Qxc3 Qd5 26. f3 Qd8 27. Qe3
Qh4 28. Rc2 Qh3 29. Rf1 Rd8 30. Rd2 Rg8 31. Rg2 Rc8 32. Rgf2 Qf5 33. Rd1 g6 34.
Kg2 Kg7 35. h3 Bd5 36. Kh2 b5 37. Rc1 Rxc1 38. Qxc1 a5 39. Qd2 a4 40. Qb4 Qd3
41. Qe7 Qe3 42. Qf6+ Kg8 43. Rc2 Bc4 44. Qd8+ Kh7 45. Qf6 Kg8 46. Qd8+ Kh7 47.
Qf6 1/2-1/2

[Event "European Individual Chess Championship "]
[Site "Reykjavik, Iceland"]
[Date "2021.08.28"]
[Round "3.70"]
[White "Jacobsen, Mikkel Manosri"]
[Black "Van Hoolandt, Patrick"]
[Result "1-0"]
[WhiteElo "2309"]
[BlackElo "2010"]
[PlyCount "85"]
[EventDate "2021.08.26"]

1. d4 Nf6 2. c4 e6 3. Nf3 Bb4+ 4. Nbd2 O-O 5. a3 Be7 6. e4 d5 7. e5 Nfd7 8. Bd3
c5 9. h4 h6 10. Bb1 Nc6 11. Qc2 f5 12. exf6 Nxf6 13. g4 Nxd4 14. Nxd4 cxd4 15.
g5 Ne4 16. Nxe4 dxe4 17. Qxe4 Qa5+ 18. Bd2 Qf5 19. Qe2 Qf3 20. Qxf3 Rxf3 21.
gxh6 d3 22. Be3 Bf6 23. h7+ Kh8 24. Bxd3 Bxb2 25. Rb1 Bxa3 26. Be4 Rf7 27. Ke2
e5 28. c5 a5 29. Rhd1 Be6 30. Rxb7 Bc4+ 31. Ke1 Rxb7 32. Bxb7 Bb4+ 33. Bd2 Rb8
34. c6 Be6 35. Bxb4 axb4 36. Rd6 Bf5 37. Rd5 b3 38. Rb5 Be6 39. Rxe5 Bg4 40.
Kd2 Kxh7 41. Kc3 Bd7 42. cxd7 b2 43. Be4+ 1-0